-Istic Vocabulary Words - Statistics

General Stats
  • This quiz has been taken 183 times
  • The average score is 9 of 20
Answer Stats
Hint Word % Correct
Of languages Linguistic
88%
Having a talent for painting pictures Artistic
86%
Become irrationally furious Go {ballistic}
84%
Numerical result, usually from a population sample Statistic
80%
Having a belief in a positive future Optimistic
79%
Type of medicine based on natural remedies, eg naturopathy Holistic
66%
Pleasure-seeking Hedonistic
64%
Having a belief in accepting things as they are Realistic
59%
In the style of Monet, Renoir, Degas Impressionistic
52%
Having a belief in a perfect world Idealistic
44%
Devoted to others' welfare Altruistic
41%
Using a gentle word for a difficult concept, eg "pass away" for "die" Euphemistic
37%
Self-harming Masochistic
33%
Supportive of exclusive control of market commodities Monopolistic
29%
Hostile, oppositional, unfriendly Antagonistic
26%
Acting like a benevolent, maybe controlling, parent towards others Paternalistic
22%
Showing independence in thought and action Individualistic
17%
Arrogantly asserting the superiority of your nationality or gender Chauvinistic
14%
Zealously promoting a cause, often a religion Evangelistic
7%
Seeking to impose one's values on others Moralistic
2%
No matching quizzes found
Score Distribution
Percent of People with Each Score
Percentile by Number Answered
Your Score History
You have not taken this quiz